<?xml version="1.0" encoding="UTF-8"?>
<record
    xmlns:xsi="http://www.w3.org/2001/XMLSchema-instance"
    xsi:schemaLocation="http://www.loc.gov/MARC21/slim http://www.loc.gov/standards/marcxml/schema/MARC21slim.xsd"
    xmlns="http://www.loc.gov/MARC21/slim">

  <leader>01944    a2200289   4500</leader>
  <controlfield tag="001">48123</controlfield>
  <controlfield tag="005">20260407155748.0</controlfield>
  <controlfield tag="008">260407a2012    arg                 spa d</controlfield>
  <controlfield tag="003">AR-UNSa-BCEJYS</controlfield>
  <datafield tag="040" ind1=" " ind2=" ">
    <subfield code="a">AR-UNSa-BCEJYS</subfield>
    <subfield code="b">spa</subfield>
    <subfield code="c">AR-UNSa-BCEJYS</subfield>
  </datafield>
  <datafield tag="080" ind1=" " ind2=" ">
    <subfield code="a">330.101.542</subfield>
    <subfield code="x">Microeconom&#xED;a</subfield>
  </datafield>
  <datafield tag="245" ind1="1" ind2="0">
    <subfield code="a">Principios de microeconom&#xED;a</subfield>
  </datafield>
  <datafield tag="020" ind1=" " ind2=" ">
    <subfield code="a">978-607-32-1239-7</subfield>
  </datafield>
  <datafield tag="250" ind1=" " ind2=" ">
    <subfield code="a">10a. ed.</subfield>
  </datafield>
  <datafield tag="264" ind1=" " ind2="1">
    <subfield code="a">M&#xE9;xico :</subfield>
    <subfield code="b">Pearson Educaci&#xF3;n</subfield>
    <subfield code="c">2012</subfield>
  </datafield>
  <datafield tag="300" ind1=" " ind2=" ">
    <subfield code="a">xxvii, 476 p.</subfield>
    <subfield code="c">27 cm.</subfield>
  </datafield>
  <datafield tag="505" ind1=" " ind2=" ">
    <subfield code="a">1. Alcance y m&#xE9;todo de la econom&#xED;a - 2. El problema econ&#xF3;mico: Escasez y elecci&#xF3;n - 3. Demanda, oferta y equilibrio de mercado - 4. Aplicaciones de la oferta y la demanda - 5. Elasticidad - 6. Comportamiento familiar y opciones de consumo - 7. El proceso de producci&#xF3;n: Comportamiento de las empresas que maximizan las utilidades - 8. Costos a corto plazo y decisiones de producci&#xF3;n - 9. Costos a largo plazo y decisiones de producci&#xF3;n - 10. Demanda de insumos: Los mercados de trabajo y de la tierra - 11. La demanda de insumos: El mercado de capitales y las decisiones de inversi&#xF3;n - 12. Equilibrio general y eficiencia de la competencia perfecta - 13. Monopolio y pol&#xED;tica antimonopolio - 14. Oligopolio - 15. Competencia monop&#xF3;lica - 16. Externalidades - 17. Incertidumbre e informaci&#xF3;n asim&#xE9;trica - 18. Distribuci&#xF3;n del ingreso y pobreza - 19. Finanzas p&#xFA;blicas: La econom&#xED;a del sistema tributario - 20. Comercio internacional, ventaja comparativa  y proteccionismo - 21. Crecimiento econ&#xF3;mico en las econom&#xED;as en v&#xED;as de desarrollo y en transici&#xF3;n - </subfield>
  </datafield>
  <datafield tag="041" ind1=" " ind2=" ">
    <subfield code="a">spa</subfield>
  </datafield>
  <datafield tag="942" ind1=" " ind2=" ">
    <subfield code="c">BK</subfield>
  </datafield>
  <datafield tag="590" ind1=" " ind2=" ">
    <subfield code="a">niveau_biblio:m niveau_hierar:0</subfield>
  </datafield>
  <datafield tag="100" ind1="1" ind2=" ">
    <subfield code="a">Case, Karl E.</subfield>
  </datafield>
  <datafield tag="700" ind1="1" ind2=" ">
    <subfield code="a">Fair, Ray C.</subfield>
  </datafield>
  <datafield tag="700" ind1="1" ind2=" ">
    <subfield code="a">Mej&#xED;a Esta&#xF1;ol, Mar&#xED;a Magdalena</subfield>
  </datafield>
  <datafield tag="700" ind1="1" ind2=" ">
    <subfield code="a">Oster, Sharon M.</subfield>
  </datafield>
  <datafield tag="700" ind1="1" ind2=" ">
    <subfield code="a">G&#xF3;mez Mont Araiza, Jaime</subfield>
  </datafield>
  <datafield tag="856" ind1="4" ind2="1">
    <subfield code="u">https://www.biblioeco.unsa.edu.ar/pmb/images/libros/L127876.jpg</subfield>
    <subfield code="y">Imagen de portada</subfield>
    <subfield code="q">image/jpeg</subfield>
  </datafield>
  <datafield tag="999" ind1=" " ind2=" ">
    <subfield code="c">4562</subfield>
    <subfield code="d">4562</subfield>
  </datafield>
  <datafield tag="952" ind1=" " ind2=" ">
    <subfield code="0">0</subfield>
    <subfield code="1">0</subfield>
    <subfield code="4">0</subfield>
    <subfield code="7">0</subfield>
    <subfield code="a">BCEJYS</subfield>
    <subfield code="b">BCEJYS</subfield>
    <subfield code="c">16</subfield>
    <subfield code="d">2026-04-07</subfield>
    <subfield code="l">0</subfield>
    <subfield code="o">330.101.542 C337 10ed.</subfield>
    <subfield code="p">L127876</subfield>
    <subfield code="r">2026-04-07 15:57:48</subfield>
    <subfield code="w">2026-04-07</subfield>
    <subfield code="y">L</subfield>
  </datafield>
</record>
